000 00360 a2200157 4500
001 61230
020 _a9783190016594
040 _cAnchieta - Pituba
100 _aNeuner, Gerhard
240 1 0 _aDeutsch.com 2
_lpor
245 1 0 _aDeutsch.com 2
300 _a140
362 0 _a2009
650 4 _aLínguas germânicas (teutônicas) língua alemã
942 _cBK
999 _c61230
_d61230